LEADER 01855cam2-22003851i-450- 001 990005267420403321 005 20150119102220.0 035 $a000526742 035 $aFED01000526742 035 $a(Aleph)000526742FED01 035 $a000526742 100 $a19990604e19731899km-y0itay50------ba 101 0 $agrc$ager 102 $aLI 105 $ay-------001yy 200 1 $aSammlung der griechischen Dialekt-Inschriften$eZweiter Band [Erste Hälfte]$eEpirus. Akarnanien. Aetolien. Aenianen. Phthiotis. Lokris. Phokis. Dodona. Achaia und seine Colonien. Delphi.$fAugust Fick, Otto Hoffmann, Johannes Baunack$gherausgegeben von Hermann Collitz 210 $aNendeln$cKraus reprint$d1973 215 $a446 p.$d24 cm 307 $aRilegato con copertina rigida telata 325 $aRistampa anastatica dell'edizione di: Göttingen : Vandenhoeck & Ruprecht, 1899 327 1 $a1. Die epirotischen, akarnanischen, aetolischen, aenianischen und phthiotischen Inschriften / Fick August ; Die lokrischen und phokischen Inschriften / von Fritz Bechtel. - 1885$a2. Die Orakelinschriften aus Dodona. Die Inschriften Achaia's uns seinen Colonien / von Otto Hoffmann. - 1890$a3.-6. Die delphischen Inschriften / Baunack Johannes. - 1892-1899 461 0$1001000526730$12001$aSammlung der griechischen Dialekt-Inschriften$fvon F. Bechtel, A. Bezzenberger, F. Blass, H. Collitz, W. Deecke ... [et al.] 610 0 $aLingua greca antica$aDialetti$aTesti epigrafici 676 $a481 676 $a485 702 1$aBaunack,$bJohannes 702 1$aFick,$bAugust 702 1$aHoffman,$bOtto 801 0$aIT$bUNINA$gRICA$2UNIMARC 901 $aBK 912 $a990005267420403321 952 $aP2B-100-SGDI(2.1)-1973$bIst.St.Ant.gr.rom. 2093$fFLFBC 959 $aFLFBC 996 $aSammlung der griechischen Dialekt-Inschriften$9538264 997 $aUNINA LEADER 01097nam2-2200373---450- 001 990003317730203316 005 20091023131417.0 010 $a978-88-04-57823-9 035 $a000331773 035 $aUSA01000331773 035 $a(ALEPH)000331773USA01 035 $a000331773 100 $a20090923h2008----km-y0itay50------ba 101 $aita 102 $aIT 105 $a||||||||001yy 200 1 $aApocalisse amore$fDavide Rondoni 210 $aMilano$cA. Mondadori$d2008 215 $a155 p.$d18 cm 225 2 $a<> specchio$i<> poeti del nostro tempo 410 0$1001000274737$12001$a<> specchio$i<> poeti del nostro tempo 606 0 $2BNCF 676 $a851.914 700 1$aRONDONI,$bDavide$0176227 801 0$aIT$bsalbc$gISBD 912 $a990003317730203316 951 $aVI.3. Coll. 30/ 31$b217076 L.M.$cVI.3.$d00228449 959 $aBK 969 $aUMA 979 $aPAOLA$b90$c20090923$lUSA01$h1539 979 $aPAOLA$b90$c20091023$lUSA01$h1311 979 $aPAOLA$b90$c20091023$lUSA01$h1314 996 $aApocalisse amore$91121109 997 $aUNISA